000 00674nam a2200253Ia 4500
001 19786
003 DO-CoUTE
005 20260204212615.0
008 220104s9999 dr 000 0 spa d
020 _a978-607-8331-79-6
040 _aDO-CoUTE
_bspa
_cDO-CoUTE
041 0 _aspa
082 _a657.42 C266c
100 1 _aCárdenas, Raúl Andrés
245 1 0 _aCostos 1 / Raúl Andrés Cárdenas
250 _aSegunda edición
260 _aMéxico:Instituto Mexicano de Contadores Públicos
300 _a458 páginas
650 4 _aCostos
700 1 _aNápoles
942 _2ddc
_cBK
999 _c21166
_d21166